000 00251nam a2200097Ia 4500
008 190216s9999||||xx |||||||||||||| ||und||
100 _aKrishna Varrier N V
245 0 _aBhudhamatham Darshanavum Charithravum
260 _bKerala Basha Inst
942 _cBK
999 _c39840
_d39840